000 00375nam a22001577a 4500
003 OSt
020 _a9788126519170
040 _c0
082 _222
_a005.74
100 _aStephens, Rod.
245 _aBeginning database design solutions /
260 _aNew Delhi,
_bJohn Wileys,
_cc2009.
300 _axxxiv, 510p. ;
_bill. ;
_c23 cm.
942 _2ddc
_cIT
_06
999 _c554
_d554
999 _c619
_d619